|
|
|
|
| LEADER |
00000ny a22000003n 4500 |
| 005 |
20110511152339.0 |
| 008 |
770225c19759999ohubr p 0 a0eng |
| 010 |
|
|
|a 77640012
|
| 022 |
|
|
|a 0145-5540
|
| 035 |
|
|
|a 3118
|
| 040 |
|
|
|a DLC
|c DLC
|d vLex
|
| 090 |
|
|
|c 1720
|d 1720
|
| 245 |
3 |
0 |
|a Today's manager
|h [Recurso electrn̤ico]
|
| 256 |
|
|
|a Servicio en ln̕ea
|
| 260 |
|
|
|a [Cleveland]:
|b [Penton/IPC., etc.]
|
| 310 |
|
|
|a Irregular
|
| 506 |
1 |
|
|a Contenido solo disponible en los productos indicados
|d vLex Global
|d vLex Global (Academic Edition, excluding Law Schools)
|d vLex Global (Academic Edition, Law Schools)
|
| 650 |
0 |
4 |
|a Empresas
|x Administracin̤
|x Publicaciones perid̤icas
|
| 740 |
0 |
|
|a vLex Revista (Servicios en ln̕ea)
|
| 843 |
|
|
|a Electrn̤ica. Abierta
|
| 853 |
|
|
|8 1
|i (year)
|j (month)
|k (day)
|
| 856 |
4 |
0 |
|z Acceso restringido
|u http://vlex.com/account/login_ip?fuente_id=3118
|
| 942 |
|
|
|c REV
|
| 999 |
|
0 |
|a Management
|v Periodicals.
|